Interpretacin̤ de la Ley General del Sistema Concursal Peruano

Bibliographic Details
Main Author: Carbonell O'Brien, Esteban
Format: Unknown
Language:English
Published: Per ︢: Carbonell O'Brien Abogados, 2007
Subjects:
Online Access:Acceso restringido

MARC

LEADER 00000ny a22000003n 4500
005 20110621123823.0
008 091214s2007 pe 000 0 eng d
035 |a 2239 
040 |a BUS   |d vLex 
090 |c 939  |d 939 
100 1 |a Carbonell O'Brien, Esteban  
245 1 0 |a Interpretacin̤ de la Ley General del Sistema Concursal Peruano  |h [Recurso electrn̤ico]  |c Esteban Carbonell OaÌ‚Brien  
256 |a Servicio en ln̕ea 
260 |a Per ︢:  |b Carbonell O'Brien Abogados,  |c 2007 
300 |a p. ;  |c cm 
506 1 |a Contenido solo disponible en los productos indicados  |d vLex Global  |d vLex Global (Academic Edition, excluding Law Schools)  |d vLex Global (U.S. Academic Edition, Law Schools)  |d vLex Global (U.S. Academic Edition, excluding Law Schools)  |d vLex Global (Academic Edition, Law Schools) 
650 0 4 |a Procedimiento (Derecho)  |z Per︢ 
740 0 |a vLex Libros (Servicios en ln̕ea) 
856 4 0 |u http://vlex.com/source/2239  |z Acceso restringido 
942 |c BOOK